[Event "WC-2016-P-00020"]
[Site "LSS email"]
[Date "2012.02.12"]
[Round "?"]
[White "Aalderink, Gerwin"]
[Black "Vasquez Nigro, Dario Javier"]
[Result "1/2-1/2"]
[WhiteElo "1955"]
[BlackElo "2096"]
[PlyCount "36"]
[EventDate "2012.02.15"]
[EventType "tourn (corr)"]
[EventRounds "12"]
[EventCountry "GER"]
[SourceTitle "Corr 2015"]
[Source "ChessBase"]
[SourceDate "2015.07.17"]
[SourceVersion "1"]
[SourceVersionDate "2015.07.17"]
[SourceQuality "1"]

1. Nf3 d5 2. d4 Nf6 3. c4 c6 4. Nc3 a6 5. e3 b5 6. c5 g6 7. Bd3 Bg7 8. 0-0 0-0 9. Qc2 Nbd7 10. Ne2 Qc7 11. a4 b4 12. b3 a5 13. Re1 e5 14. Nxe5 Nxe5 15. dxe5 Qxe5 16. Bb2 Qc7 17. f3 Re8 18. Bd4 Nh5 1/2-1/2

[Event "WC-2016-P-00020"]
[Site "LSS email"]
[Date "2012.02.12"]
[Round "?"]
[White "Loginov, Pavel"]
[Black "Vasquez Nigro, Dario Javier"]
[Result "1/2-1/2"]
[WhiteElo "1849"]
[BlackElo "2096"]
[PlyCount "40"]
[EventDate "2012.02.15"]
[EventType "tourn (corr)"]
[EventRounds "12"]
[EventCountry "GER"]
[SourceTitle "Telechess CBM 163"]
[Source "ChessBase"]
[SourceDate "2014.11.11"]
[SourceVersion "2"]
[SourceVersionDate "2014.11.11"]
[SourceQuality "1"]

1. e4 e5 2. Nf3 Nc6 3. Bb5 a6 4. Bxc6 dxc6 5. 0-0 Ne7 6. Nxe5 Qd4 7. Qh5 g6 8. Qg5 Bg7 9. Nd3 f5 10. e5 c5 11. b3 b6 12. Nc3 Qg4 13. Qe3 Bb7 14. f3 Qh4 15. Bb2 0-0-0 16. Rad1 g5 17. Qf2 Qh6 18. Rde1 Nc6 19. Nd1 f4 20. a4 Rhe8 1/2-1/2

[Event "WC-2016-P-00020"]
[Site "LSS email"]
[Date "2012.02.12"]
[Round "?"]
[White "Vasquez Nigro, Dario Javier"]
[Black "Avellan, Gerardo"]
[Result "1/2-1/2"]
[WhiteElo "2096"]
[BlackElo "2077"]
[PlyCount "30"]
[EventDate "2012.02.15"]
[EventType "tourn (corr)"]
[EventRounds "12"]
[EventCountry "GER"]
[SourceTitle "Corr 2015"]
[Source "ChessBase"]
[SourceDate "2015.07.17"]
[SourceVersion "1"]
[SourceVersionDate "2015.07.17"]
[SourceQuality "1"]

1. e4 e5 2. Nf3 Nc6 3. Bb5 a6 4. Ba4 Nge7 5. 0-0 g6 6. c3 b5 7. Bc2 Bb7 8. d4 exd4 9. cxd4 Bg7 10. Nc3 0-0 11. Bf4 Na5 12. Re1 d6 13. Qc1 Rc8 14. Bh6 c5 15. Bxg7 Kxg7 1/2-1/2

[Event "WC-2016-P-00020"]
[Site "LSS email"]
[Date "2012.02.12"]
[Round "?"]
[White "Vasquez Nigro, Dario Javier"]
[Black "Sukhanitskij, Stanislav"]
[Result "1/2-1/2"]
[WhiteElo "2096"]
[BlackElo "1991"]
[PlyCount "71"]
[EventDate "2012.02.15"]
[EventType "tourn (corr)"]
[EventRounds "12"]
[EventCountry "GER"]
[SourceTitle "Telechess CBM 163"]
[Source "ChessBase"]
[SourceDate "2014.11.11"]
[SourceVersion "2"]
[SourceVersionDate "2014.11.11"]
[SourceQuality "1"]

1. e4 e5 2. Nf3 Nf6 3. Nxe5 d6 4. Nf3 Nxe4 5. d4 d5 6. Bd3 Bd6 7. 0-0 0-0 8. c4 c6 9. Qc2 Na6 10. a3 f5 11. Nc3 Nc7 12. b4 Nxc3 13. Qxc3 dxc4 14. Bg5 Nd5 15. Bxc4 Qc7 16. Qc2 Be6 17. Bd2 Rae8 18. Rae1 h6 19. Ne5 Bxe5 20. Rxe5 Qd7 21. Rfe1 Nc7 22. Be2 Bd5 23. Bd3 Rxe5 24. dxe5 Qe6 25. f4 Nb5 26. Qb2 Qg6 27. Bf1 a6 28. Be3 Nc7 29. Bd3 Rd8 30. Qc2 Be6 31. Bb6 Rd7 32. Bxc7 Rxc7 33. Rd1 Rd7 34. Be2 Rxd1+ 35. Qxd1 Bd5 36. g3 1/2-1/2

[Event "ZH-2012-0-00696"]
[Site "LSS email"]
[Date "2012.01.16"]
[Round "?"]
[White "Vasquez Nigro, Dario Javier"]
[Black "Sidenko, Anatoly Viktorovich"]
[Result "0-1"]
[WhiteElo "2155"]
[BlackElo "2294"]
[PlyCount "122"]
[EventDate "2012.01.12"]
[EventType "match (corr)"]
[EventRounds "2"]
[EventCountry "GER"]
[SourceTitle "Telechess CBM 157"]
[Source "ChessBase"]
[SourceDate "2013.11.12"]
[SourceVersion "1"]
[SourceVersionDate "2013.11.12"]
[SourceQuality "1"]

1. e4 c5 2. Nf3 d6 3. d4 cxd4 4. Nxd4 Nf6 5. Nc3 a6 6. Bc4 e6 7. Bb3 b5 8. 0-0 Be7 9. Qf3 Qb6 10. Be3 Qc7 11. Qg3 0-0 12. f3 Bd7 13. Rfd1 Nc6 14. Nxc6 Bxc6 15. Rd2 b4 16. Ne2 a5 17. c3 Bxe4 18. cxb4 Bd5 19. b5 Bxb3 20. axb3 Rfc8 21. Nc3 Nd7 22. Bd4 Bf8 23. f4 d5 24. Rad1 Rab8 25. Qg4 f5 26. Qe2 Nc5 27. Be5 Bd6 28. Rxd5 exd5 29. Nxd5 Bxe5 30. Nxc7 Bxc7 31. g4 fxg4 32. Kg2 Kh8 33. Qxg4 Rf8 34. f5 Rf6 35. Rd5 Bb6 36. b4 axb4 37. Qxb4 Rbf8 38. Qe1 h6 39. h3 Nb3 40. Qc3 Nd4 41. Rxd4 Bxd4 42. Qxd4 Rxf5 43. Qb6 Rd5 44. Qb7 Rd2+ 45. Kg3 Rd3+ 46. Kg4 Rb3 47. b6 Rxb2 48. h4 Rb4+ 49. Kg3 Kh7 50. Qc7 Ra8 51. Kf2 Ra2+ 52. Ke3 Rb3+ 53. Kd4 Ra4+ 54. Kd5 Rb5+ 55. Ke6 Re4+ 56. Kd7 Rbb4 57. Qa7 Rf4 58. Qa5 Rb2 59. Qe5 Rf7+ 60. Ke8 Rff2 61. Qe4+ Kh8 0-1

[Event "SM-2011-0-00172"]
[Site "LSS email"]
[Date "2011.11.03"]
[Round "?"]
[White "Almeida, Ramiro da Costa"]
[Black "Vasquez Nigro, Dario Javier"]
[Result "1-0"]
[WhiteElo "2240"]
[BlackElo "2093"]
[PlyCount "121"]
[EventDate "2011.09.06"]
[EventType "tourn (corr)"]
[EventRounds "6"]
[EventCountry "GER"]
[SourceTitle "Telechess CBM 155"]
[Source "ChessBase"]
[SourceDate "2013.07.16"]
[SourceVersion "1"]
[SourceVersionDate "2013.07.16"]
[SourceQuality "1"]

1. e4 e5 2. Nf3 Nf6 3. Nxe5 d6 4. Nf3 Nxe4 5. d4 d5 6. Bd3 Nc6 7. 0-0 Be7 8. c4 Nb4 9. Be2 0-0 10. a3 Nc6 11. cxd5 Qxd5 12. Nc3 Nxc3 13. bxc3 Bf5 14. c4 Qd6 15. d5 Ne5 16. Nd4 Bd7 17. a4 Rfe8 18. Nb5 Bxb5 19. axb5 Nd7 20. Be3 Bf6 21. Ra2 Be5 22. h3 Bf4 23. Bxa7 b6 24. Bf3 Bh2+ 25. Kh1 Be5 26. Qd2 Nc5 27. Re1 g6 28. g3 Nb3 29. Qd3 Na5 30. Rxa5 Qb4 31. Rxe5 Qxa5 32. Rxe8+ Rxe8 33. d6 cxd6 34. Bxb6 Qxb6 35. Kg2 Re5 36. Qd1 Kf8 37. Bd5 Ke7 38. Qf3 f5 39. Qd1 Kd7 40. Bc6+ Kc7 41. Qd2 Qc5 42. h4 Qa3 43. Bf3 Qa7 44. Qc3 Qb6 45. Qa1 Qb8 46. Qa5+ Qb6 47. Qa8 d5 48. Qh8 Qd6 49. c5 Qe7 50. c6 Qe8 51. Qxh7+ Re7 52. Qh6 Kb6 53. Bxd5 Rc7 54. Qf4 Qe7 55. Bc4 Qe4+ 56. Qxe4 fxe4 57. f3 exf3+ 58. Kxf3 Ra7 59. Ke3 Ra3+ 60. Bd3 Kc7 61. g4 1-0

[Event "SA-2011-0-00220"]
[Site "LSS email"]
[Date "2011.10.11"]
[Round "?"]
[White "Knoeppel, Bjoern"]
[Black "Vasquez Nigro, Dario Javier"]
[Result "1/2-1/2"]
[WhiteElo "2032"]
[BlackElo "2093"]
[PlyCount "56"]
[EventDate "2011.09.18"]
[EventType "tourn (corr)"]
[EventRounds "6"]
[EventCountry "GER"]
[SourceTitle "Corr 2015"]
[Source "ChessBase"]
[SourceDate "2015.07.17"]
[SourceVersion "1"]
[SourceVersionDate "2015.07.17"]
[SourceQuality "1"]

1. e4 e5 2. Nf3 Nc6 3. Bc4 Bc5 4. b4 Bxb4 5. c3 Ba5 6. d4 d6 7. Qb3 Qd7 8. dxe5 Bb6 9. Nbd2 Na5 10. Qc2 Nxc4 11. Nxc4 d5 12. exd5 Qxd5 13. Ne3 Qc6 14. 0-0 Be6 15. Rd1 Bxe3 16. Bxe3 Bg4 17. Rd4 Bxf3 18. gxf3 Ne7 19. Qe4 Qxe4 20. fxe4 Nc6 21. Rd5 Ne7 22. Rd2 Rd8 23. Rad1 Rxd2 24. Rxd2 b6 25. f4 Nc6 26. Rd5 Ke7 27. Kg2 Rd8 28. Bf2 Ke8 1/2-1/2

[Event "SA-2011-0-00220"]
[Site "LSS email"]
[Date "2011.10.11"]
[Round "?"]
[White "Vasquez Nigro, Dario Javier"]
[Black "Florea, Valentin Mihail"]
[Result "1/2-1/2"]
[WhiteElo "2093"]
[BlackElo "2159"]
[PlyCount "56"]
[EventDate "2011.09.18"]
[EventType "tourn (corr)"]
[EventRounds "6"]
[EventCountry "GER"]
[SourceTitle "Corr 2015"]
[Source "ChessBase"]
[SourceDate "2015.07.17"]
[SourceVersion "1"]
[SourceVersionDate "2015.07.17"]
[SourceQuality "1"]

1. e4 c5 2. Nf3 d6 3. d4 cxd4 4. Nxd4 Nf6 5. Nc3 a6 6. Be3 e5 7. Nf3 Be7 8. Bc4 0-0 9. 0-0 Nc6 10. Qe2 Na5 11. Bb3 Nxb3 12. axb3 Be6 13. Rfd1 Qc7 14. Bg5 Rac8 15. Rd3 h6 16. Bxf6 Bxf6 17. Rc1 Qc6 18. Rcd1 Be7 19. Nd5 Bxd5 20. Rc3 Qb6 21. Rxd5 Rxc3 22. bxc3 Ra8 23. Nd2 a5 24. Nc4 Qc6 25. Rxa5 Rxa5 26. Nxa5 Qxc3 27. Nc4 Qa1+ 28. Qf1 Qd4 1/2-1/2

[Event "BI-2011-P-00009"]
[Site "LSS email"]
[Date "2011.04.17"]
[Round "?"]
[White "Potapov, Evgeniy M"]
[Black "Vasquez Nigro, Dario Javier"]
[Result "1/2-1/2"]
[WhiteElo "1725"]
[BlackElo "2111"]
[PlyCount "142"]
[EventDate "2011.04.20"]
[EventType "tourn (corr)"]
[EventRounds "10"]
[EventCountry "GER"]
[SourceTitle "Telechess CBM 155"]
[Source "ChessBase"]
[SourceDate "2013.07.16"]
[SourceVersion "1"]
[SourceVersionDate "2013.07.16"]
[SourceQuality "1"]

1. e4 e5 2. Nf3 Nc6 3. Bb5 a6 4. Ba4 Nf6 5. 0-0 b5 6. Bb3 Bc5 7. a4 Rb8 8. axb5 axb5 9. c3 d6 10. d4 Bb6 11. Na3 0-0 12. Nxb5 Bg4 13. Be3 exd4 14. cxd4 Nxe4 15. Qc2 Na5 16. Bd5 Bxf3 17. gxf3 Nf6 18. Bg5 h6 19. Bh4 c6 20. Bxc6 Rc8 21. d5 g5 22. Bg3 Nxd5 23. Qd1 Ne3 24. fxe3 Bxe3+ 25. Kh1 Rxc6 26. Nxd6 Nc4 27. Nxc4 Qxd1 28. Raxd1 Rxc4 29. Rfe1 Bf4 30. Re2 Kg7 31. Kg2 Rfc8 32. Kf2 h5 33. Rd5 f6 34. Rb5 Rd8 35. Rb3 Rd1 36. Bxf4 Rxf4 37. h3 Rc4 38. Rbe3 Rh1 39. Kg2 Rhc1 40. Rd2 Rb1 41. Ree2 Kg6 42. Rc2 Rh4 43. Rf2 Rb4 44. Rcd2 h4 45. Rc2 Kf5 46. Rcd2 Kf4 47. Rfe2 Ra1 48. Rd6 Kf5 49. Rd5+ Kg6 50. Rdd2 Ra6 51. Kf2 Rab6 52. Rc2 R6b5 53. Rcd2 Kf5 54. Kg2 Rb3 55. Rf2 Rc5 56. Rc2 Rxc2 57. Rxc2 Kf4 58. Rc4+ Ke3 59. Re4+ Kd3 60. Re6 Rxb2+ 61. Kg1 f5 62. Re5 f4 63. Rxg5 Ke3 64. Rg4 Kxf3 65. Rxh4 Rg2+ 66. Kf1 Rc2 67. Kg1 Rc1+ 68. Kh2 Rc2+ 69. Kg1 Re2 70. Rh5 Re7 71. Rg5 Re1+ 1/2-1/2

[Event "BI-2011-P-00009"]
[Site "LSS email"]
[Date "2011.04.17"]
[Round "?"]
[White "Vasquez Nigro, Dario Javier"]
[Black "De Paus, Pieter"]
[Result "1-0"]
[WhiteElo "2111"]
[BlackElo "1293"]
[PlyCount "55"]
[EventDate "2011.04.20"]
[EventType "tourn (corr)"]
[EventRounds "10"]
[EventCountry "GER"]
[SourceTitle "Telechess CBM 157"]
[Source "ChessBase"]
[SourceDate "2013.11.12"]
[SourceVersion "1"]
[SourceVersionDate "2013.11.12"]
[SourceQuality "1"]

1. e4 c5 2. Nf3 d6 3. d4 cxd4 4. Nxd4 Nf6 5. Nc3 a6 6. Be3 Ng4 7. Bg5 h6 8. Bh4 g5 9. Bg3 Bg7 10. h3 Ne5 11. f3 Nbc6 12. Bf2 h5 13. Qd2 g4 14. f4 Ng6 15. Nf5 Bxf5 16. exf5 Nf8 17. Nd5 Nd7 18. 0-0-0 Rc8 19. Bh4 f6 20. hxg4 hxg4 21. Qe3 Qa5 22. Bc4 Nce5 23. fxe5 Nxe5 24. Be1 Rxh1 25. Bxa5 Rxd1+ 26. Kxd1 Rxc4 27. Qb6 Kf7 28. Qxb7 1-0

[Event "BI-2011-P-00009"]
[Site "LSS email"]
[Date "2011.04.17"]
[Round "?"]
[White "Vasquez Nigro, Dario Javier"]
[Black "Wosch, Arkadiusz Janusz"]
[Result "1/2-1/2"]
[WhiteElo "2111"]
[BlackElo "2257"]
[PlyCount "75"]
[EventDate "2011.04.20"]
[EventType "tourn (corr)"]
[EventRounds "10"]
[EventCountry "GER"]
[SourceTitle "Telechess CBM 155"]
[Source "ChessBase"]
[SourceDate "2013.07.16"]
[SourceVersion "1"]
[SourceVersionDate "2013.07.16"]
[SourceQuality "1"]

1. e4 c5 2. Nf3 Nc6 3. Bb5 g6 4. Bxc6 dxc6 5. d3 Bg7 6. h3 Nf6 7. Nc3 0-0 8. Be3 b6 9. Qd2 e5 10. 0-0 Qc7 11. a4 a5 12. Nh2 Nh5 13. Bh6 Rd8 14. Rfd1 Bxh6 15. Qxh6 Nf4 16. Ng4 Bxg4 17. hxg4 Qd7 18. Qh4 Kg7 19. g3 Ne6 20. Ne2 h6 21. Kg2 Qd6 22. b3 b5 23. Rh1 Rh8 24. Rhd1 c4 25. dxc4 Qb4 26. axb5 cxb5 27. Qh1 Nc5 28. Qe1 bxc4 29. Qxb4 axb4 30. bxc4 Nxe4 31. Rxa8 Rxa8 32. Rd5 Rc8 33. Rxe5 Rxc4 34. Nf4 Nf6 35. g5 hxg5 36. Rxg5 Rxc2 37. Rb5 Ne4 38. Nd3 1/2-1/2

[Event "ZH-2011-0-00556"]
[Site "LSS email"]
[Date "2011.03.26"]
[Round "?"]
[White "Lund, Jens Dahlen"]
[Black "Vasquez Nigro, Dario Javier"]
[Result "1/2-1/2"]
[WhiteElo "2131"]
[BlackElo "2113"]
[PlyCount "67"]
[EventDate "2011.03.20"]
[EventType "match (corr)"]
[EventRounds "2"]
[EventCountry "GER"]
[SourceTitle "Telechess CBM 145"]
[Source "Chessbase"]
[SourceDate "2011.11.11"]
[SourceVersion "1"]
[SourceVersionDate "2011.11.11"]
[SourceQuality "1"]

1. e4 e5 2. Nf3 Nc6 3. Bb5 a6 4. Ba4 Nf6 5. 0-0 Be7 6. Re1 b5 7. Bb3 0-0 8. c3 d5 9. exd5 Nxd5 10. Nxe5 Nxe5 11. Rxe5 c6 12. d4 Bd6 13. Re1 Qh4 14. g3 Qh3 15. Be3 Bg4 16. Qd3 Rae8 17. Nd2 Qh5 18. a4 Re6 19. axb5 axb5 20. Qf1 Rfe8 21. Bxd5 Qxd5 22. h3 Bh5 23. Qg2 Qxg2+ 24. Kxg2 f5 25. Nf3 f4 26. Bd2 fxg3 27. Rxe6 Rxe6 28. Ra8+ Bf8 29. Ne5 gxf2 30. Kxf2 Re8 31. Ra6 Bd6 32. Bf4 Bxe5 33. Bxe5 Re6 34. Ra8+ 1/2-1/2

[Event "SA-2011-0-00182"]
[Site "LSS email"]
[Date "2011.03.09"]
[Round "?"]
[White "Vasquez Nigro, Dario Javier"]
[Black "Moreira, Jose Americo Paiva"]
[Result "0-1"]
[WhiteElo "2098"]
[BlackElo "2045"]
[PlyCount "88"]
[EventDate "2011.02.07"]
[EventType "tourn (corr)"]
[EventRounds "6"]
[EventCountry "GER"]
[SourceTitle "Telechess CBM 147"]
[Source "ChessBase"]
[SourceDate "2012.03.16"]
[SourceVersion "1"]
[SourceVersionDate "2012.03.16"]
[SourceQuality "1"]

1. e4 e5 2. Nf3 Nc6 3. Bb5 a6 4. Ba4 Nf6 5. 0-0 b5 6. Bb3 Bb7 7. d3 Bc5 8. Nc3 0-0 9. a4 Na5 10. Nxe5 Nxb3 11. cxb3 b4 12. Ne2 d5 13. d4 Be7 14. exd5 Re8 15. Qd3 Nxd5 16. Bf4 Bd6 17. Bg3 h5 18. Nc4 h4 19. Bxd6 cxd6 20. Rfe1 Rc8 21. Rad1 Qg5 22. Qd2 Qf6 23. h3 Re6 24. f3 Rce8 25. Rc1 Kh7 26. Kf2 R6e7 27. Kg1 Bc8 28. Kf2 a5 29. Rcd1 Qg6 30. Rc1 Bd7 31. Rcd1 Kg8 32. Rc1 Rxe2+ 33. Rxe2 Rxe2+ 34. Qxe2 Nf4 35. Qf1 Qg3+ 36. Ke3 Nxg2+ 37. Ke2 Nf4+ 38. Ke3 Nxh3 39. Rd1 Bf5 40. Nxa5 Qg5+ 41. Ke2 Nf4+ 42. Kf2 Be4 43. Qh1 Bc2 44. Rd2 Nd3+ 0-1

[Event "SA-2011-0-00177"]
[Site "LSS email"]
[Date "2011.02.06"]
[Round "?"]
[White "Ederer, Karel"]
[Black "Vasquez Nigro, Dario Javier"]
[Result "1-0"]
[WhiteElo "2138"]
[BlackElo "2093"]
[PlyCount "128"]
[EventDate "2011.01.09"]
[EventType "tourn (corr)"]
[EventRounds "6"]
[EventCountry "GER"]
[SourceTitle "Telechess CBM 147"]
[Source "ChessBase"]
[SourceDate "2012.03.16"]
[SourceVersion "1"]
[SourceVersionDate "2012.03.16"]
[SourceQuality "1"]

1. e4 e5 2. Nf3 Nc6 3. Bb5 a6 4. Ba4 Nf6 5. 0-0 b5 6. Bb3 Bc5 7. a4 Rb8 8. axb5 axb5 9. Nxe5 Nxe5 10. d4 Bxd4 11. Qxd4 d6 12. Bf4 c5 13. Qd2 0-0 14. f3 c4 15. Ba2 Qb6+ 16. Be3 Qc6 17. Nc3 b4 18. Ne2 d5 19. Qd4 Re8 20. Bf4 Qe6 21. Ng3 Rb5 22. Bxe5 Qxe5 23. Qxe5 Rxe5 24. exd5 b3 25. cxb3 cxb3 26. Rfc1 Re8 27. Bb1 Rxd5 28. Ra3 Red8 29. Nf1 Kf8 30. Rxb3 Be6 31. Rb7 R5d7 32. Rxd7 Rxd7 33. Ne3 Rb7 34. Rc2 Rb4 35. Kf2 g6 36. Rd2 Ke7 37. Nd1 Nd7 38. Nc3 h5 39. Ba2 Bxa2 40. Nxa2 Rb6 41. Nc3 Ke6 42. Nd5 Rb3 43. Nf4+ Ke7 44. Nd3 g5 45. Ke2 f6 46. f4 Ke6 47. Kd1 Rb6 48. b4 Rc6 49. Rc2 Rd6 50. Ke2 Nb6 51. b5 Nd5 52. Rc5 Rb6 53. fxg5 fxg5 54. Kf3 Rd6 55. Nb2 g4+ 56. Ke4 Nf6+ 57. Ke3 Nd5+ 58. Kd4 Nb6+ 59. Kc3 Nd5+ 60. Kb3 Ke5 61. g3 Kd4 62. Rc4+ Ke3 63. Rxg4 hxg4 64. Nc4+ Kf2 1-0